[Event "Mumbai Wealth op 3rd"]
[Site "Mumbai"]
[Date "2018.01.05"]
[Round "7"]
[White "Gokhale, Anupama"]
[Black "Girinath, BS."]
[Result "0-1"]
[WhiteElo "2021"]
[BlackElo "1805"]
[PlyCount "112"]
[EventDate "2017.12.30"]
[EventType "swiss"]
[EventRounds "9"]
[EventCountry "IND"]
[SourceTitle "CBM 182 Extra"]
[Source "ChessBase"]
[SourceDate "2018.02.23"]
[SourceVersion "1"]
[SourceVersionDate "2018.02.23"]
[SourceQuality "1"]

1. d4 d6 2. Nf3 Bg4 3. Nbd2 Nf6 4. g3 c6 5. Bg2 Nbd7 6. 0-0 e5 7. dxe5 dxe5 8. Nc4 Qc7 9. b3 Be6 10. Ne3 h6 11. c4 Bc5 12. Qc2 g6 13. Nd1 a5 14. Be3 Rd8 15. Bxc5 Nxc5 16. Qb2 Nfd7 17. a3 a4 18. bxa4 Bxc4 19. Ne3 Be6 20. Qb4 Ra8 21. a5 Rxa5 22. h4 0-0 23. h5 g5 24. Nd2 Ra4 25. Qb1 f5 26. g4 Nf6 27. gxf5 Bf7 28. Qc2 b6 29. Rfb1 Rfa8 30. Ndc4 Bxc4 31. Nxc4 Ncd7 32. Nxb6 Nxb6 33. Qxc6 Qxc6 34. Bxc6 Rg4+ 35. Kf1 Rb8 36. a4 Rc4 37. Bb5 Rc5 38. Rd1 Nbd5 39. e4 Nc3 40. Rd6 Ncxe4 41. Re6 Kf7 42. Rd1 Rc2 43. Rxe5 Rxf2+ 44. Kg1 Rd2 45. Re1 Rc8 46. Re2 Rxe2 47. Bxe2 Nc3 48. Bb5 Nxb5 49. axb5 Rb8 50. Kg2 Nxh5 51. Kf3 Nf6 52. Rc5 Rb7 53. Ke3 h5 54. Kd4 h4 55. Kc4 h3 56. Re5 Re7 0-1